000 00591nam a22001817a 4500
999 _c17704
_d17704
008 190525b xxu||||| |||| 00| 0 eng d
020 _a9966792538
040 _aKABU
_cKABU
050 _aGR350
_b.K4W37 2015 c. 1
100 _aWasamba, Peter
245 _aContemporary oral literature fieldwork
_ba researcher's guide
_cPeter Wasamba
260 _aNairobi, Kenya
_bUniversity of Nairobi Press
_c2015
300 _axxi, 300 p.
650 _aFolk literature
_vStudy and teaching
_zKenya
650 _aFolk literature
_zAfrica
650 _aFolklore
_zKenya
942 _2lcc
_cAFRI
_hGR350